000 00817nab a2200253 u 4500
001 07861
003 HDC
007 cr bn ---aaaaa
008 210129c mydr|nes 0 a may d
040 _aHDC
100 _aNur Fatehah Abdul Rashid
_eauthor
_98416
245 0 _aBiar baka dorper/
_cby Nur Fatehah Abdul Rashid
260 _aKuala Lumpur :
_bUTUSAN MALAYSIA,
_c2015
300 _aB6 page
336 _atext
_2rdacontent
337 _acomputer
_2rdamedia
338 _aonline resource
_2rdacarrier
650 _aAgriculture industry
_92340
650 _aFarming
_92402
856 _zRequest full-text at [email protected]
942 _2lcc
942 _cNEWS
942 _kNWSC 001210
999 _c5184
_d5184